000 00479nam a2200181Ia 4500
003 GCL
008 140319s9999 xx 000 0 eng d
040 _aGCL /
_cGCL
082 0 4 _a871.01
_bR H
100 1 _aRWDD, NIALL
245 1 0 _aHORACE EPISTLES BOOK II AND EPISTLE TO THE PISONES /
_cRWDD, NIALL
260 _a[S.N] :
_bCAMBRIDGE UNIVERSITY PRESS ،
_c1989
300 _a244 P
650 0 4 _aPOETRY
650 0 4 _aEPISTOTARY POETRY
650 0 4 _aLATIN
942 _2ddc
_cBK
999 _c24607
_d24607